Statistics for Dean Lewis - Waves Lyrics

Click here to take the quiz!

General Stats

  • This quiz has been taken 197 times
  • The average score is 249 of 312

Answer Stats

Lyrics% Correct
i
99%
a
98%
it
97%
an
96%
and
95%
go
95%
in
95%
waves
95%
comes
94%
goes
94%
the
91%
always
90%
my
88%
to
88%
is
86%
we
85%
does
84%
of
84%
us
84%
feel
83%
heart
81%
was
81%
all
78%
i'm
78%
there
78%
watch
77%
falling
76%
freedom
76%
take
76%
though
76%
young
76%
fingers
75%
our
75%
as
74%
feeling
74%
middle
73%
through
73%
up
73%
used
72%
caught
71%
fade
71%
hearts
71%
into
71%
me
71%
on
71%
thought
71%
dark
70%
let
70%
storm
70%
away
69%
hard
69%
when
69%
its
68%
know
67%
light
67%
stone
67%
takes
67%
that
67%
carries
66%
slips
66%
can't
65%
set
64%
were
64%
why
64%
control
63%
trying
62%
but
61%
hold
61%
person
61%
back
60%
boy
60%
place
60%
swelling
60%
ever
59%
so
59%
kids
57%
again
56%
hands
56%
coming
53%
find
53%
silence
53%
wind
53%
flood
52%
memories
52%
space
51%
disappear
50%
eyes
50%
front
50%
lay
50%
lost
50%
down
49%
magic
49%
warmth
49%
stolen
48%
everything
47%
left
47%
moments
47%
oh
47%
watched
47%
wild
46%
wonder
46%
youth
45%
echo
39%
seems
36%

Score Distribution

Percentile by Number Answered

Percent of People with Each Score

Your Score History

You have not taken this quiz